[Event "TUR Cup"]
[Site "Denizli"]
[Date "2023.07.22"]
[Round "9"]
[White "Ayaz, Melek"]
[Black "Cagan, Ayse Ecrin"]
[Result "1-0"]
[WhiteElo "1293"]
[BlackElo "1188"]
[PlyCount "48"]
[EventDate "2023.07.16"]
[EventType "team-tourn"]
[EventRounds "9"]
[EventCountry "TUR"]
[SourceTitle "CBM 215 Extra"]
[Source "ChessBase"]
[SourceDate "2023.09.30"]
[SourceVersion "1"]
[SourceVersionDate "2023.09.30"]
[SourceQuality "1"]

1. c4 e6 2. Nc3 c5 3. g3 d5 4. d3 d4 5. Ne4 f5 6. Nd2 e5 7. Bg2 Nc6 8. a3 Nf6 9. Qc2 Bd6 10. Ngf3 0-0 11. 0-0 Qe7 12. Ne1 Bd7 13. e4 f4 14. Ndf3 Nh5 15. Qe2 Rf6 16. Ng5 Rg6 17. Nh3 Nf6 18. Kh1 Bxh3 19. Bxh3 Rh6 20. Bg2 Qd7 21. Nf3 Qg4 22. Ng1 Qg6 23. Bh3 Nh5 24. Bf5 Qg5 1-0